Kadasne's Textbook of Anatomy: (clinically oriented) head, neck, face, brain (Record no. 8277)

MARC details
000 -LEADER
fixed length control field 00551nam a22002057a 4500
003 - CONTROL NUMBER IDENTIFIER
control field OSt
005 - DATE AND TIME OF LATEST TRANSACTION
control field 20240320164107.0
008 - FIXED-LENGTH DATA ELEMENTS--GENERAL INFORMATION
fixed length control field 240320b |||||||| |||| 00| 0 eng d
020 ## - INTERNATIONAL STANDARD BOOK NUMBER
International Standard Book Number 8184484577
040 ## - CATALOGING SOURCE
Transcribing agency NLM
082 ## - DEWEY DECIMAL CLASSIFICATION NUMBER
Edition number QS4 K571t 2009
100 ## - MAIN ENTRY--PERSONAL NAME
Personal name Kadasne, D.K.
9 (RLIN) 12374
245 ## - TITLE STATEMENT
Title Kadasne's Textbook of Anatomy: (clinically oriented) head, neck, face, brain
250 ## - EDITION STATEMENT
Edition statement Vol.3
260 ## - PUBLICATION, DISTRIBUTION, ETC. (IMPRINT)
Place of publication, distribution, etc. New Delhi; Jaypee, 2009
300 ## - PHYSICAL DESCRIPTION
Extent xiv,1079p; col.ill: 27.5cm
504 ## - BIBLIOGRAPHY, ETC. NOTE
Bibliography, etc Index included
650 ## - SUBJECT ADDED ENTRY--TOPICAL TERM
Topical term or geographic name as entry element Anatomy
9 (RLIN) 124
942 ## - ADDED ENTRY ELEMENTS (KOHA)
Source of classification or shelving scheme Other/Generic Classification Scheme
Koha item type Book Bank
Holdings
Withdrawn status Lost status Source of classification or shelving scheme Damaged status Not for loan Home library Current library Date acquired Source of acquisition Inventory number Total Checkouts Barcode Date last seen Price effective from Koha item type
    Other/Generic Classification Scheme     MUST Main Library MUST Main Library 20/03/2024 Purchase 17/40631   2024-0094 20/03/2024 20/03/2024 Book Bank